Najwięcej występów w reprezentacji Belgii - Statystyki

Ogólne statystyki
  • Ten quiz został rozwiązany 264 razy
  • Średni wynik to 5 z 10
Statystyki odpowiedzi
Miejsce Zawodnik Lata gry Mecze Bramki % Poprawnych
8 Kevin De Bruyne 2010–obecnie 99 26
91%
5 Romelu Lukaku 2010–obecnie 114 83
91%
4 Eden Hazard 2008–obecnie 126 33
82%
7 Thibaut Courtois 2011–obecnie 102 0
78%
1 Jan Vertonghen 2007–obecnie 154 10
59%
2 Axel Witsel 2008–obecnie 130 12
44%
3 Toby Alderweireld 2009–obecnie 127 5
38%
6 Dries Mertens 2011–obecnie 109 21
30%
10 Timmy Simons 2001–2016 94 6
5%
9 Jan Ceulemans 1977–1991 96 23
3%
Nie znaleziono quizów pasujących do podanych kryteriów
Rozkład punktacji
Procent ludzi z każdym wynikiem
Percentyl według liczby udzielonych odpowiedzi
Twoja historia wyników
Nie rozwiązałeś tego quizu